El nuevo pueblo de Dios: esquemas para una eclesiología

Saved in:
Bibliografiske detaljer
Hovedforfatter: Ratzinger, Joseph (Author)
Format: Bog
Sprog:spansk
Udgivet: Barcelona Herder 1972
Serier:Biblioteca Herder, 101
Fag:
Tags: Tilføj Tag
Ingen Tags, Vær først til at tagge denne postø!

MARC

LEADER 00000nam a2200000 a 4500
001 UCR2218
003 CL-VaPUC
008 980109e19720000SP |||||||||||||||||spa|d
082 0 4 |a 262  |b RAT  |2 21 
100 0 |a Ratzinger, Joseph  |e author  |9 400021 
245 1 3 |a El nuevo pueblo de Dios: esquemas para una eclesiología 
300 |a 470 p 
942 |c BK 
945 |d 19980109 00:00:00  |a rleighto 
260 |a Barcelona  |b Herder  |c 1972 
650 0 |a Eclesiología   |9 366152 
650 0 |a Iglesia   |9 255004 
650 0 |a Escatología  |9 314395 
650 0 |a Episcopado  |9 258396 
650 0 |a Teología   |9 258766 
650 7 |a REFORMA RELIGIOSA  |2 CL-VaPUC  |9 257490 
650 7 |a CRISTIANSIMO  |2 CL-VaPUC  |9 400022 
583 |a last modification  |c 19980109 00:00:00  |k Rodrigo Vera 
490 0 |a Biblioteca Herder, 101 
999 |c 265476  |d 265474 
952 |0 0  |1 0  |4 0  |6 262_000000000000000_RAT_1972  |7 0  |8 A  |9 296416  |a BIBTEO  |b BIBTEO  |d 2019-11-20  |i 3372448  |o 262 RAT 1972  |p 3372448  |r 2025-01-17  |w 2019-11-20  |y BK  |k ICR 
952 |0 0  |1 0  |4 0  |6 262_000000000000000_RAT_1972  |7 0  |8 A  |9 296417  |a BIBTEO  |b BIBTEO  |d 2019-11-20  |i 3372456  |l 2  |o 262 RAT 1972  |p 3372456  |r 2025-01-17  |s 2023-04-05  |w 2019-11-20  |y BK  |k ICR 
952 |0 0  |1 2  |4 0  |6 262_000000000000000_RAT_1972  |7 0  |8 A  |9 296418  |a BIBTEO  |b BIBTEO  |d 2019-11-20  |i 4281845  |o 262 RAT 1972  |p 4281845  |r 2019-11-20  |w 2019-11-20  |y BK  |k ICR 
952 |0 0  |1 0  |4 0  |6 262_000000000000000_RAT_1972  |7 0  |8 A  |9 296419  |a BIBDER  |b BIBDER  |d 2019-11-20  |i 4656296  |o 262 RAT 1972  |p 4656296  |r 2023-01-25  |w 2019-11-20  |y BK  |k DER